Penn State General Knowledge #1 Quiz - Statistics

General Stats
  • This quiz has been taken 14 times
  • The average score is 7 of 10
Answer Stats
Hint Answer % Correct
What sport plays at the BJC? Basketball
100%
What town is Penn State's main campus in? State College
100%
What are the Penn State sports teams names? The Nittany Lions
100%
What is the name of Penn State's football stadium? Includes the recent renaming. West Shore Home Field at Beaver Stadium
100%
Who was the backup Quarterback who transferred to Missouri? Beau Pribula
75%
What is the full name of the BJC? Bryce Jordan Center
75%
What is the exception the above? (The sport is Women's Basketball) The Lady Lions
63%
When was Penn State founded? 1855
50%
What was the most recent season Penn State Hockey made it to the Frozen Four? Hint: It's Women's Hockey. 2025-2026
38%
What was Penn State's original name? The Farmer's High School
25%
No matching quizzes found
Score Distribution
Percent of People with Each Score
Percentile by Number Answered
Your Score History
You have not taken this quiz